Catálogo
Digital

Catálogo
Digital

Estadística descriptiva con R. Gráficos avanzados y aplicaciones. (Record no. 11621)

MARC details
000 -CABECERA
campo de control de longitud fija 02571nam a2200361 4500
003 - IDENTIFICADOR DEL NÚMERO DE CONTROL
campo de control EC-UNACH
005 - FECHA Y HORA DE LA ÚLTIMA TRANSACCIÓN
campo de control 20260325124420.0
006 - CÓDIGOS DE INFORMACIÓN DE LONGITUD FIJA--CARACTERÍSTICAS DEL MATERIAL ADICIONAL
campo de control de longitud fija s||||gr|||| 00| 00
008 - DATOS DE LONGITUD FIJA--INFORMACIÓN GENERAL
campo de control de longitud fija 150116t9999 mx r gr 000 0 spa d
020 ## - NÚMERO INTERNACIONAL ESTÁNDAR DEL LIBRO
Número Internacional Estándar del Libro 978-9942-835-55-0
040 ## - FUENTE DE LA CATALOGACIÓN
Centro catalogador/agencia de origen EC-UNACH
Centro/agencia transcriptor EC-UNACH
041 ## - CÓDIGO DE LENGUA
Código de lengua del texto/banda sonora o título independiente spa
082 04 - NÚMERO DE LA CLASIFICACIÓN DECIMAL DEWEY
Número de edición 23
Número de clasificación 519
Número de documento/Ítem L015117
100 ## - ENTRADA PRINCIPAL--NOMBRE DE PERSONA
Nombre de persona Meneses Freire, Manuel / Zuñiga Lema, Lourdes / Haro Rivera, Silvia
245 ## - MENCIÓN DE TÍTULO
Título Estadística descriptiva con R. Gráficos avanzados y aplicaciones.
250 ## - MENCIÓN DE EDICIÓN
Mención de edición Primera Edición
264 ## - Producción, publicación, distribución, fabricación y copyright
Lugar de producción, publicación, distribución, fabricación Riobamba - Ecuador
Nombre del de productor, editor, distribuidor, fabricante Universidad Nacional de Chimborazo
Fecha de de producción, publicación, distribución, fabricación o copyright 2021
264 ## - Producción, publicación, distribución, fabricación y copyright
Nombre del de productor, editor, distribuidor, fabricante Producción UNACH
300 ## - DESCRIPCIÓN FÍSICA
Extensión 158 páginas;
Otras características físicas Tablas, gráficos, imágenes;
500 ## - NOTA GENERAL
Nota general Esta obra está dirigida y diseñada para un curso de Estadística Descriptiva que se explican en la asignatura de Estadística a estudiantes de Ingeniería y Ciencias, y se imparten en Instituciones de Educación Superior. No se pretende ser exhaustivos con esta publicación, sino más bien, presentar un compendio que ha sido el fruto conjunto de varios miembros del área de Matemática y Estadística.<br/><br/>La Ciencia y la Ingeniería necesitan de la Estadística Descriptiva para analizar y representar sus bases de datos, tanto gráficamente como analíticamente. En la práctica, esta representación se realiza mediante software, comercial (su licencia de uso es pagada) o libre (no necesita licencia y se puede descargar de internet de forma gratuita). El presente libro titulado: Estadística Descriptiva con R. Gráficos avanzados y aplicaciones, utiliza el software estadístico R de uso libre, que es una ventaja frente a otros textos de Estadística que usan software comercial con licencia.
505 ## - NOTA DE CONTENIDO CON FORMATO
Nota de contenido con formato CAPITULO I. Primeros pasos con el software estadístico R.-- CAPITULO II: Fundamentos de estadística.-- CAPITULO III: Variables cualitativas.-- CAPITULO IV: Variables cuantitativas discretas.-- CAPITULO V: Variables continuas.—CAPITULOVI: Gráficos avanzados para variables estadísticas en R.
650 ## - PUNTO DE ACCESO ADICIONAL DE MATERIA--TÉRMINO DE MATERIA
Término de materia o nombre geográfico como elemento inicial SOFTWARE ESTADÍSTICO R.
650 ## - PUNTO DE ACCESO ADICIONAL DE MATERIA--TÉRMINO DE MATERIA
Término de materia o nombre geográfico como elemento inicial FUNDAMENTOS DE ESTADÍSTICA
650 ## - PUNTO DE ACCESO ADICIONAL DE MATERIA--TÉRMINO DE MATERIA
Término de materia o nombre geográfico como elemento inicial VARIABLES CUALITATIVAS
650 ## - PUNTO DE ACCESO ADICIONAL DE MATERIA--TÉRMINO DE MATERIA
Término de materia o nombre geográfico como elemento inicial VARIABLES CUANTITATIVAS
650 ## - PUNTO DE ACCESO ADICIONAL DE MATERIA--TÉRMINO DE MATERIA
Término de materia o nombre geográfico como elemento inicial VARIABLES CONTINUAS
856 ## - LOCALIZACIÓN Y ACCESO ELECTRÓNICOS
Identificador Uniforme del Recurso <a href="https://editorial.unach.edu.ec/index.php/Editorial/catalog/book/113">https://editorial.unach.edu.ec/index.php/Editorial/catalog/book/113</a>
Texto de enlace Libro Digital - Estadística descriptiva con R. Gráficos avanzados y aplicaciones
942 ## - ELEMENTOS DE PUNTO DE ACCESO ADICIONAL (KOHA)
Fuente del sistema de clasificación o colocación Clasificación Decimal Dewey
Tipo de ítem Koha Libro electrónico
999 ## - NÚMEROS DE CONTROL DE SISTEMA (KOHA)
Koha biblionumber 11621
Holdings
Estado de pérdida Fuente del sistema de clasificación o colocación Estado dañado No para préstamo Localización permanente Ubicación/localización actual Ubicación en estantería Fecha de adquisición Fuente de adquisición Total de préstamos Signatura topográfica completa Código de barras Fecha visto por última vez Número de copia Precio válido a partir de Tipo de ítem Koha Centro de costos
  Clasificación Decimal Dewey     Biblioteca Campus Norte Biblioteca Campus Norte Ingeniería Industrial 25/03/2026 Producción Científica UNACH   519 MEN L015117 L015117 25/03/2026 Ejemplar: 01 25/03/2026 Libro electrónico  

Powered by Koha